| 000 | 00580nam a2200205 i 4500 | ||
|---|---|---|---|
| 001 | bgj | ||
| 245 | 1 | 0 |
_aReihe Hanser Literatur-Kommentare / _chrsg. von Wolfgang Frühwald. |
| 260 |
_aMünchen : _bCarl Hanser Verlag, _c[ca. 1976] |
||
| 300 |
_a48 s. ; _c19 cm. |
||
| 490 | 1 |
_aReihe Hanser _pLiteratur-Kommentare |
|
| 650 | 9 | _aLiteratura niemiecka | |
| 700 | 1 | _aFRÜHWALD, Wolfgang. | |
| 830 |
_aReihe Hanser _pLiteratur-Kommentare |
||
| 040 | _cBPK | ||
| 041 | 0 | _ager | |
| 044 | _aDEU | ||
| 080 | _a821.112.2 | ||
| 942 | _cKS | ||
| 008 | s gw f |000 0 ger | ||
| 999 |
_c50383 _d50383 |
||
| 856 |
_uhttp://koha.tu.koszalin.pl/cgi-bin/koha/opac-detail.pl?biblionumber=50383 _yKatalog online BPK |
||